000
00258nam a2200109Ia 4500
008
231219s9999 xx 000 0 und d
041
_a
eng
100
_a
Kurtz and Boone
245
_a
Marketing
260
_b
The Dryden Press ,Chicago
650
_a
Management
999
_c
975051
_d
975051